00000000nam##2200000za#4500
0019.639931
003CaOODSP
00520210624222423
007cr |||||||||||
008150407|1999||||xxc|||||o    f|0| 0 fre|d
040 |aCaOODSP|bfre
043 |an-cn---
0861 |aSE1-2/1999-1F-PDF
1101 |aCanada.|bÉlections Canada. |bDirecteur général des élections du Canada.
24510|aRapport du directeur général des élections du Canada sur l'élection partielle dans Windsor-St. Clair |h[ressource électronique]
260 |aOttawa - Ontario : |bÉlections Canada. |cc1999.
300 |a23p.|bfigure, graphique, tableaux
500 |aLe nº de catalogue (SE1-2/1999-1) et l'ISBN (0-662-64296-1) de l'édition imprimée bilingue ont été incorrectement copiés dans cette édition électronique.
5203 |a«Ce rapport au président de la Chambre des communes fait suite à l’élection partielle tenue le 12 avril 1999 dans la circonscription de Windsor–St. Clair. Il présente le déroulement du scrutin ainsi que les activités d’Élections Canada depuis l’élection partielle du 14 septembre 1998 dans Sherbrooke.»--p.8 de 23.
590 |a12-05-Supp|b2012-03-02
69107|aÉlection partielle|2gcpds
77508|tReport of the Chief Electoral Officer of Canada following the Windsor-St. Clair by-election |w(CaOODSP)9.695834
7760#|tReport of the Chief Electoral Officer of Canada following the Windsor-St. Clair by-election.|w(CaOODSP)9.661053
7760#|tRapport du directeur général des élections du Canada sur l'élection partielle dans Windsor-St. Clair.|w(CaOODSP)9.661054
85640|ahttp://publications.gc.ca|qPDF|s588 Ko|uhttps://publications.gc.ca/collections/Collection/SE1-2-1999-1F.pdf
986 |aEC 94312